000 00588nam a2200181Ia 4500
003 GCL
008 140319s9999 xx 000 0 ara d
040 _aGCL /
_cGCL
082 0 4 _a813.01
_bم ر
100 1 _aمحمود عزت موسى
245 1 0 _aرجل للبيع: قصص قصيرة /
_cمحمود عزت موسى
260 _a[S.N] :
_bالهيئة المصرية العامة للكتاب ،
_c1993
300 _a131 ص
490 _aاشراقات ادبية
_v0
650 0 4 _aالادب العربى
650 0 4 _aالقصص العربية القصيرة
942 _2ddc
_cBK
999 _c33331
_d33331